MARC details
| 000 -LÍDER |
| campo de controle de tamanho fixo |
01736nam a2200301 4500 |
| 001 - NÚMERO DE CONTROLE |
| campo de controle |
415 |
| 003 - IDENTIFICADOR DO NÚMERO DE CONTROLE |
| campo de controle |
OSt |
| 005 - DATA E HORÁRIO DA ÚLTIMA TRANSAÇÃO |
| campo de controle |
20250527144435.0 |
| 008 - CAMPO DE DADOS FIXOS--INFORMAÇÃO GERAL |
| campo de controle de tamanho fixo |
250519b |||||||g |||| 00| 1 eng d |
| 020 ## - ISBN - INTERNATIONAL STANDARD BOOK NUMBER |
| ISBN - International Standard Book Number |
9788573129571 |
| 040 ## - FONTE DA CATALOGAÇÃO |
| Idioma da catalogação |
por |
| 041 ## - CÓDIGO DE IDIOMA |
| Código do idioma do original e/ou traduções intermediárias do texto |
por |
| 082 ## - CDD - CLASSIFICAÇÃO DECIMAL DE DEWEY |
| Número de Classificação |
158.1 |
| Número do exemplar |
C238m |
| 100 ## - ENTRADA PRINCIPAL--NOME PESSOAL |
| Nome pessoal |
Capelas, Heloísa |
| Datas associadas ao nome |
1957- |
| 9 (RLIN) |
890 |
| 245 ## - TÍTULO |
| Título |
O Mapa da felicidade: |
| Restante do título |
As coordenadas para curar a sua vida e nunca mais olhar para trás / |
| Indicação de responsabilidade, etc. |
Capelas, Heloísa |
| 260 ## - PUBLICAÇÃO, DISTRIBUIÇÃO, ETC. |
| Local de publicação, distribuição, etc. |
São Palo |
| Nome do editor, distribuidor, etc. |
Editora Gente |
| Data da publicação, distribuição, etc. |
2014 |
| 300 ## - DESCRIÇÃO FÍSICA |
| Extensão |
239 p. |
| 520 ## - NOTA DE RESUMO, ETC. |
| Resumo, etc. |
Conforme os anos passam, parece que acreditar no conceito de felicidade fica cada vez mais difícil. Afinal, o que vem a ser a felicidade em si? Ter muito dinheiro, um carro do ano, um bom casamento e filhos tranquilos? Vamos, então, à pergunta que não escolhe época, cor e nem classe social: o que nos proporciona uma felicidade sólida e duradoura?<br/><br/>Depois de décadas ensinando pessoas do Brasil inteiro a promover revoluções em seus comportamentos por meio do autoconhecimento, Heloísa Capelas escreveu a obra que lhe fará passar pelo caminho da descoberta sobre você mesmo, auxiliando a encarar seus problemas em busca de respostas e a obter sucesso em suas realizações. Neste mapa, a principal pergunta que ela faz a você é: qual é a sua verdade e por que você acorda todos os dias?<br/><br/>Aceite este convite e entre de cabeça na jornada que transformará sua vida para sempre. |
| 650 #0 - ASSUNTO--TERMO TÓPICO |
| Cabeçalho tópico ou nome geográfico |
Literatura Brasileira |
| 9 (RLIN) |
205 |
| 650 #0 - ASSUNTO--TERMO TÓPICO |
| Cabeçalho tópico ou nome geográfico |
Autoajuda |
| 9 (RLIN) |
755 |
| 650 #0 - ASSUNTO--TERMO TÓPICO |
| Cabeçalho tópico ou nome geográfico |
Felicidade |
| 9 (RLIN) |
891 |
| 650 #0 - ASSUNTO--TERMO TÓPICO |
| Cabeçalho tópico ou nome geográfico |
Auto Conhecimento |
| 9 (RLIN) |
19 |
| 650 #0 - ASSUNTO--TERMO TÓPICO |
| Cabeçalho tópico ou nome geográfico |
Realização pessoal |
| 9 (RLIN) |
892 |
| 650 #0 - ASSUNTO--TERMO TÓPICO |
| Cabeçalho tópico ou nome geográfico |
Conduta de vida |
| 9 (RLIN) |
893 |
| 655 #0 - TERMO DE ÍNDICE--GÊNERO E FORMA |
| Gênero/forma/ou termo foco |
Romance |
| 655 #0 - TERMO DE ÍNDICE--GÊNERO E FORMA |
| Gênero/forma/ou termo foco |
Não Ficção |
| 942 ## - ELEMENTOS DE ENTRADA ADICIONADOS (KOHA) |
| Fonte de classificação ou esquema de arquivamento |
Classificação decimal de Dewey |
| Ocultar no OPAC |
Não |
| Tipo de material Koha |
Livros |